<?xml version="1.0" encoding="UTF-8"?>
<record
    xmlns:xsi="http://www.w3.org/2001/XMLSchema-instance"
    xsi:schemaLocation="http://www.loc.gov/MARC21/slim http://www.loc.gov/standards/marcxml/schema/MARC21slim.xsd"
    xmlns="http://www.loc.gov/MARC21/slim">

  <leader>01245nam a22001817a 4500</leader>
  <controlfield tag="005">20250313152953.0</controlfield>
  <controlfield tag="008">250313b2024    dr adc||dpt|| 00| 0 spa d</controlfield>
  <datafield tag="040" ind1=" " ind2=" ">
    <subfield code="a">CGIP0038</subfield>
    <subfield code="c">CGIP0038</subfield>
    <subfield code="e">rda</subfield>
  </datafield>
  <datafield tag="082" ind1=" " ind2=" ">
    <subfield code="2">333.7216 7293 75 /I59</subfield>
    <subfield code="a">21</subfield>
  </datafield>
  <datafield tag="245" ind1=" " ind2=" ">
    <subfield code="a">Educaci&#xF3;n ambiental en la Regional 15 Santo Domingo III</subfield>
    <subfield code="c">Instituto Dominicano de Evaluaci&#xF3;n e Investigaci&#xF3;n de la Calidad Educativa (IDEICE)</subfield>
  </datafield>
  <datafield tag="260" ind1=" " ind2=" ">
    <subfield code="a">Santo Domingo:</subfield>
    <subfield code="b">Instituto Dominicano de Evaluaci&#xF3;n e Investigaci&#xF3;n de la Calidad Educativa (IDEICE)</subfield>
    <subfield code="c">2024</subfield>
  </datafield>
  <datafield tag="300" ind1=" " ind2=" ">
    <subfield code="a">16p.</subfield>
  </datafield>
  <datafield tag="520" ind1=" " ind2=" ">
    <subfield code="a">La educaci&#xF3;n ambiental es un proceso que busca sensibilizar a las personas y comunidades sobre los problemas ambientales, fomentando en ellas actitudes, habilidades y valores que les permitan tomar medidas orientadas a su resoluci&#xF3;n (Perales, 2017).</subfield>
  </datafield>
  <datafield tag="650" ind1=" " ind2=" ">
    <subfield code="2">Conservaci&#xF3;n y protecci&#xF3;n del medio ambiente -- Rep&#xFA;blica Dominicana, Distrito Nacional Regional 15 Santo Domingo III -- Rep&#xFA;blica Dominicana, Educaci&#xF3;n ambiental -- Ense&#xF1;anza educaci&#xF3;n ambiental.</subfield>
  </datafield>
  <datafield tag="700" ind1=" " ind2=" ">
    <subfield code="a">Ram&#xED;rez, Jessica - Guti&#xE9;rrez Martes, Ashley Altagracia</subfield>
  </datafield>
  <datafield tag="856" ind1=" " ind2=" ">
    <subfield code="u">https://ideice.gob.do/documentacion/publicaciones-id-p1-208-educacion-ambiental-en-la-regional-15-santo-domingo-iii</subfield>
  </datafield>
  <datafield tag="942" ind1=" " ind2=" ">
    <subfield code="2">ddc</subfield>
    <subfield code="c">FOL</subfield>
    <subfield code="n">0</subfield>
  </datafield>
  <datafield tag="999" ind1=" " ind2=" ">
    <subfield code="c">12519</subfield>
    <subfield code="d">12519</subfield>
  </datafield>
  <datafield tag="952" ind1=" " ind2=" ">
    <subfield code="0">0</subfield>
    <subfield code="1">0</subfield>
    <subfield code="2">ddc</subfield>
    <subfield code="4">0</subfield>
    <subfield code="7">0</subfield>
    <subfield code="a">RI</subfield>
    <subfield code="b">RI</subfield>
    <subfield code="d">2025-03-13</subfield>
    <subfield code="l">0</subfield>
    <subfield code="o">https://ideice.gob.do/documentacion/publicaciones-id-p1-208-educacion-ambiental-en-la-regional-15-santo-domingo-iii</subfield>
    <subfield code="r">2025-03-13 19:29:46</subfield>
    <subfield code="w">2025-03-13</subfield>
    <subfield code="y">FOL</subfield>
  </datafield>
</record>
